000
00304nam a2200121Ia 4500
008
220204s9999 xx 000 0 und d
082
_a
628.19
_b
LAV
100
_a
Lavaroni, Charles W
245
0
_a
Water pollution
260
_a
California
_b
Addison Wesley
_c
1971
650
_a
Water pollution
942
_c
BK
999
_c
26764
_d
26764